000 004530000a22001810004500
003 MACL
005 20160128123353.0
008 160128b xxu||||| |||| 00| 0 eng d
040 _aMACL
_cMACL
041 _aEnglish
082 _a111.85/JRO
100 _aIron Face
_934787
245 _aThe World's Best _ kept Beauty Secrets
260 _bMagna Publishing
_c2002
_aMumbai
350 _a175
650 _aOntology
_9341
942 _cBK
_k111.85/Iro
_2ddc
999 _c32854
_d32854